000 00784nam a22001817a 4500
999 _c194290
_d194290
005 20230127165944.0
010 _aB-747984-991 E.N.A./7.11.22
020 _a9789395208857
_c685.00
035 _aB-747984-991
037 _bAdhunik Prakashan
082 _a000
245 _aIBPS Bank PO/MT/SO:
_bpreliminary online exam CRP-XII practice workbook/
260 _aPitampura
_bKiran Institute of Career Excellence Pvt. Ltd.
_c2022
270 _aRU-67. Opp. Power House, Pitampura
_bNew Delhi
_e110034
_k9821874015
300 _a1056p.
_c27cm.(pbk)
942 _2ddc
_cEN
_h000
_mKIR